000 00277nam a22001217a 4500
008 180314b xxu||||| |||| 00| 0 eng d
041 _aeng
080 _25 ed
_a658
100 _a54
101 _aman
245 _aproduction operations management
_cruch.f
942 _2udc
_cBK
999 _c44997
_d44997